[Event "Maastricht Limburg op-A 9th"]
[Site "Maastricht"]
[Date "2015.05.24"]
[Round "5"]
[White "Balje, Jan"]
[Black "Van Laatum, Maarten"]
[Result "1-0"]
[WhiteElo "2203"]
[BlackElo "2023"]
[PlyCount "51"]
[EventDate "2015.05.22"]
[EventType "swiss"]
[EventRounds "7"]
[EventCountry "NED"]
[SourceTitle "CBM 166 Extra"]
[Source "ChessBase"]
[SourceDate "2015.06.18"]
[SourceVersion "1"]
[SourceVersionDate "2015.06.18"]
[SourceQuality "1"]

1. Nf3 Nf6 2. c4 e6 3. g3 d5 4. d4 Be7 5. Bg2 0-0 6. 0-0 dxc4 7. Qc2 a6 8. a4 c5 9. Rd1 Nc6 10. dxc5 Qa5 11. Qxc4 Qxc5 12. Na3 e5 13. Qxc5 Bxc5 14. Bd2 Ne4 15. Be1 Be6 16. Rdc1 Bb6 17. Nc4 Bxc4 18. Rxc4 f5 19. Nd2 Nd6 20. Bxc6 bxc6 21. Rxc6 Nc8 22. Nc4 Rf6 23. Nxe5 Bd4 24. Rxf6 gxf6 25. Nc4 Rb8 26. Rd1 1-0

[Event "Hoogeveen Unive op 15th"]
[Site "Hoogeveen"]
[Date "2011.10.19"]
[Round "6"]
[White "Van Laatum, Maarten"]
[Black "Van Foreest, Lucas"]
[Result "0-1"]
[WhiteElo "2115"]
[BlackElo "1918"]
[PlyCount "111"]
[EventDate "2011.10.14"]
[EventType "swiss"]
[EventRounds "9"]
[EventCountry "NED"]
[SourceTitle "CBM 144 Extra"]
[Source "ChessBase"]
[SourceDate "2011.10.28"]
[SourceVersion "1"]
[SourceVersionDate "2011.10.28"]
[SourceQuality "1"]

1. e4 e5 2. Nf3 Nc6 3. Bb5 a6 4. Ba4 Nf6 5. 0-0 Be7 6. Re1 b5 7. Bb3 d6 8. h3 0-0 9. c3 Na5 10. Bc2 c5 11. d4 Qc7 12. Nbd2 Bd7 13. Nf1 cxd4 14. cxd4 Rfc8 15. Bd3 Bf8 16. Bg5 Ne8 17. Ne3 exd4 18. Nxd4 Qc5 19. Nf3 Be6 20. Nd5 Bxd5 21. exd5 g6 22. Qe2 Rab8 23. Rad1 Nc4 24. b3 Nb6 25. Be3 Qc7 26. Bg5 Nxd5 27. Bxg6 Nc3 28. Bxh7+ Kxh7 29. Qd3+ Kg8 30. Rxe8 Rxe8 31. Bf6 Ne4 32. Bb2 Bg7 33. Bxg7 Kxg7 34. Nh4 Qc5 35. Qf3 Nxf2 36. Qxf2 Qxf2+ 37. Kxf2 Rec8 38. Nf5+ Kg6 39. g4 Rc2+ 40. Kf3 Rd8 41. h4 Rxa2 42. h5+ Kf6 43. Kf4 Rf2+ 44. Ke4 d5+ 45. Kd4 Rf4+ 46. Kc5 Rxg4 47. Nd6 d4 48. Rf1+ Ke6 49. Re1+ Kd7 50. Nxf7 Rc8+ 51. Kd5 Rh4 52. h6 d3 53. Ne5+ Kc7 54. Nf7 d2 55. Rd1 Rf8 56. Rxd2 0-1

[Event "Hoogeveen Unive op 15th"]
[Site "Hoogeveen"]
[Date "2011.10.16"]
[Round "3"]
[White "Lorscheid, Gerhard"]
[Black "Van Laatum, Maarten"]
[Result "1-0"]
[WhiteElo "2277"]
[BlackElo "2115"]
[PlyCount "67"]
[EventDate "2011.10.14"]
[EventType "swiss"]
[EventRounds "9"]
[EventCountry "NED"]
[SourceTitle "CBM 144 Extra"]
[Source "ChessBase"]
[SourceDate "2011.10.28"]
[SourceVersion "1"]
[SourceVersionDate "2011.10.28"]
[SourceQuality "1"]

1. d4 Nf6 2. c4 g6 3. Nc3 d5 4. Bg5 Ne4 5. Bh4 Nxc3 6. bxc3 dxc4 7. e3 Bg7 8. Bxc4 0-0 9. Nf3 c5 10. 0-0 Nc6 11. Rb1 Na5 12. Bd3 Bg4 13. h3 Bxf3 14. Qxf3 Rc8 15. Qd1 b6 16. Ba6 Rc7 17. Qa4 cxd4 18. cxd4 Qd5 19. Bg3 Rc3 20. Rfc1 Qc6 21. Qxc6 Rxc6 22. Bb5 Rcc8 23. Bd7 Rc4 24. Bb5 Rcc8 25. Bc7 Bf6 26. Ba6 Ra8 27. Rc2 e6 28. Rbc1 Rfe8 29. Bb5 Re7 30. Bd6 Rb7 31. Rc8+ Rxc8 32. Rxc8+ Kg7 33. Bf8+ Kg8 34. Bh6+ 1-0

[Event "Maastricht Limburg op-A 4th"]
[Site "Maastricht"]
[Date "2010.05.23"]
[Round "5"]
[White "Van Laatum, Maarten"]
[Black "Bezemer, Arno J"]
[Result "0-1"]
[WhiteElo "2042"]
[BlackElo "2343"]
[PlyCount "64"]
[EventDate "2010.05.21"]
[EventType "swiss"]
[EventRounds "7"]
[EventCountry "NED"]
[SourceTitle "CBM 136 Extra"]
[Source "ChessBase"]
[SourceDate "2010.07.02"]
[SourceVersion "2"]
[SourceVersionDate "2010.07.15"]
[SourceQuality "1"]

1. e4 c5 2. Nf3 d6 3. d4 cxd4 4. Nxd4 Nf6 5. Nc3 a6 6. Bg5 Nbd7 7. Bc4 Qb6 8. Bb3 e6 9. Qd2 Be7 10. 0-0-0 Nc5 11. Rhe1 h6 12. Bxf6 Bxf6 13. Kb1 Bd7 14. Nf3 Be5 15. Nxe5 dxe5 16. f4 exf4 17. Qxf4 0-0 18. Re3 Bc6 19. Rg3 Kh7 20. Qe5 f6 21. Qh5 Be8 22. Qg4 Rg8 23. Ne2 Bf7 24. Nf4 Rad8 25. Rxd8 Qxd8 26. a3 Qd6 27. Ng6 f5 28. exf5 Nxb3 29. fxe6 Bxe6 30. Nf8+ Qxf8 31. Qxe6 Qf1+ 32. Ka2 Nc1+ 0-1